Símbolos religiosos: Cristianismo y relativismo laicista

Gorde:
Xehetasun bibliografikoak
Formatua: Liburua
Hizkuntza:gaztelania
Argitaratua: Santiago Universidad Santo Tomás 2012
Edizioa:1a. ed
Saila:Cuadernos Ius Publicum, 1
Gaiak:
Etiketak: Etiketa erantsi
Etiketarik gabe, Izan zaitez lehena erregistro honi etiketa jartzen!

MARC

LEADER 00000cam a2200000 a 4500
001 UCC9987
003 CL-VaPUC
005 20211029111251.0
008 191129e20120000cl spa d
082 0 4 |a 264  |b SIM  |2 21 
245 1 0 |a Símbolos religiosos: Cristianismo y relativismo laicista 
250 |a 1a. ed 
260 |a Santiago  |b Universidad Santo Tomás  |c 2012 
300 |a 139 p 
490 0 |a Cuadernos Ius Publicum, 1 
583 |a last modification  |c 20191129 11:37:00  |k Rodrigo Vera 
650 0 0 |a Símbolos  |9 267425 
650 0 0 |a Simbología  |9 267342 
650 0 0 |a Laicismo  |9 313856 
942 |c BK 
945 |a dcastane  |d 20191129 11:37:00 
999 |c 376258  |d 376256 
952 |0 0  |1 0  |3 erb  |4 0  |6 264_000000000000000_SIM_2012  |7 0  |8 A  |9 495599  |a BIBDER  |b BIBDER  |e Precht Pizarro, Jorge Enrique  |i 561094K  |o 264 SIM 2012  |p 561094K  |r 2023-01-25  |w 2020-01-06  |y BK  |z Catalogado en:20191129  |k DER